书目信息 |
| 题名: |
程控数字通信系统基础电源设备
|
|
| 作者: | 徐曼珍 编著 | |
| 分册: | ||
| 出版信息: | 北京 人民邮电出版社 1995.11 |
|
| 页数: | 437页 | |
| 开本: | 16开 | |
| 丛书名: | ||
| 单 册: | ||
| 中图分类: | TN914.3 | |
| 科图分类: | ||
| 主题词: | 通信系统 | |
| 电子资源: | ||
| ISBN: | 7-115-05325-1 | |
| 000 | 00597nam0 2200193 45 | |
| 001 | 0003130975 | |
| 005 | 20000525102428.2 | |
| 010 | @a7-115-05325-1@d45.00元 | |
| 100 | @a20000313d1995 km y0chiy0120 ea | |
| 101 | @achi | |
| 105 | @a z 000yy | |
| 200 | 1 | @a程控数字通信系统基础电源设备@ACheng Kong Shu Zi Tong Xin Xi Tong Ji Chu Dian Yuan She Bei@f徐曼珍编著@FXu Man Zhen Bian Zhu |
| 210 | @a北京@c人民邮电出版社@d1995.11 | |
| 215 | @a437页@d16开 | |
| 606 | 0 | @a通信系统 |
| 690 | @aTN914.3@v3 | |
| 701 | @a徐曼珍@4编著 | |
| 801 | @aCN@bPftUser@c20000313 | |
| 905 | @b56864-866@dTN914.3@eX970@f3 | |
| 程控数字通信系统基础电源设备/徐曼珍编著.-北京:人民邮电出版社,1995.11 |
| 437页;16开 |
| ISBN 7-115-05325-1:45.00元 |
| ● |
| 相关链接 |
|
|
|
正题名:程控数字通信系统基础电源设备
索取号:TN914.3/X970
 
预约/预借
| 序号 | 登录号 | 条形码 | 馆藏地/架位号 | 状态 | 备注 |
| 1 | 56864 | 200568643 | 期刊室512/301自科库 28排4列3层/ [索取号:TN914.3/X970] | 在馆 | |
| 2 | 56865 | 200568652 | 自科库301/301自科库 37排4列3层/ [索取号:TN914.3/X970] | 在馆 | |
| 3 | 56866 | 200568661 | 自科二线504/504自科库 8排4列1层/ [索取号:TN914.3/X970] | 在馆 |